000 00259nam a22000857a 4500
008 161202b xxu||||| |||| 00| 0 eng d
100 _91782
_aSoni. A
245 _aOpening new windows : Towards understanding computers
260 _aNew delhi
_bNavdeep publication
_c2006
999 _c4490
_d4490